000
00290nam a22001337a 4500
008
181001b xxu||||| |||| 00| 0 eng d
020
_a
9781412987592
041
_a
eng
080
_a
371
100
_a
25
101
_a
EDU
245
_a
Technology in schools
_c
Brady,K.P
942
_2
udc
_c
BK
999
_c
48733
_d
48733